| 000 | 00324nam a2200121Ia 4500 | ||
|---|---|---|---|
| 008 | 230907s9999||||xx |||||||||||||| ||und|| | ||
| 082 | _a620.106,MID | ||
| 100 |
_aMiddleman, Stanley. _9103836 |
||
| 245 | 3 | _aAn introduction to fluid dynamics : | |
| 260 |
_aWiley, _bNew York : _c1998 |
||
| 300 | _axiv, 513 p. : | ||
| 942 | _cBK | ||
| 999 |
_c597845 _d597845 |
||